| 000 | 004880000a22001810004500 | ||
|---|---|---|---|
| 020 | _a0-687-12177-9 | ||
| 041 | 0 | _aENG | |
| 082 | 0 | 4 | _aG 280.4 N248e |
| 100 | 1 | _aNash, Ronald H. | |
| 245 | 1 | 0 | _aEvangelicals in America : Who they are, what they believe / Ronald H. Nash |
| 260 | _aNashville, TN., USA : Abingdon | ||
| 300 | _a125 Pag | ||
| 001 | 8636 | ||
| 942 | _cBK | ||
| 999 |
_c38770 _d38770 |
||
| 336 |
_atexto _btxt _2rdacontent |
||
| 337 |
_2rdamedia _asin mediación _bn |
||
| 338 |
_2rdacarrier _avolumen _bnc |
||